{"text_format":"3","workbook":"xlsx","n_sheets":2,"sheets":["2026","DATA"],"not_rendered":{"defined_names":11,"comments":1},"read":"whole","date_system":"1900"}

{"sheet":"2026","index":0,"n_rows":23,"n_cols":22,"rows_kept":23,"merged":[[0,2,0,20]]}
[]
["Tarih","Zorunlu\nBES","BRÜT Maaş","BRÜT \nPrim","BRÜT \nToplam","BRÜT SGK Matrahı","SGK artan1","SGK artan2","SGK ve\nİşsizlik","Bireysel\nSigorta","Sigorta\nMatrah","Vergi Matr.","Vergi Matr. K","Vergi dilimi","Hesaplanan\nGelir Vergisi","Hesaplanan\nVergi Küm.","Asgari Ü.\nVergi","Ödenecek\nGelir V.","Damga","Zorunlu\nBES","Aylık Net"]
["KASIM",null,50000,null,{"$f":"C3+D3","v":50000},{"$f":"E3","v":50000},{"$f":"IF((E3>SGK_tv_old),(E3-SGK_tv_old),0)","v":{"v":0,"d":"0 ₺"}}]
["ARALIK",null,50000,null,{"$f":"C4+D4","v":50000},{"$f":"E4+G3+H3","v":50000},{"$f":"IF((E4>SGK_tv_old),(E4-SGK_tv_old),0)","v":{"v":0,"d":"0 ₺"}},{"$f":"IF((G3+E4)>SGK_tv_old,G3+E4-SGK_tv_old,0)","v":{"v":0,"d":"0 ₺"}}]
["OCAK","H",70000,null,{"$f":"C5+D5","v":70000},{"$f":"E5+H4","v":70000},{"$f":"IF((E5>SGK_tv_H1),(E5-SGK_tv_H1),0)","v":{"v":0,"d":"0 ₺"}},{"$f":"IF((G4+E5)>SGK_tv_H1,G4+E5-SGK_tv_H1,0)","v":{"v":0,"d":"0 ₺"}},{"$f":"IF(F5>(SGK_tv_H1),SGK_tv_H1*SGK,F5*SGK)+IF(F5>SGK_tv_H1,SGK_tv_H1*Issizlik,F5*Issizlik)","v":{"v":10500.000000000002,"d":"10,500 ₺"}},null,{"$f":"IF((IF(J5>E5*0.15,E5*0.15,J5))>(Asgari_Ücret_H1*12),(Asgari_Ücret_H1*12),(IF(J5>E5*0.15,E5*0.15,J5)))","v":0},{"$f":"E5-I5-K5","v":59500},{"$f":"L5","v":59500},{"$f":"VLOOKUP(M5,GV_Dilimleri,3,TRUE)","v":0.15},{"$f":"VLOOKUP(M5,GV_Dilimleri,4,TRUE)+(M5-VLOOKUP(M5,GV_Dilimleri,1,TRUE))*VLOOKUP(M5,GV_Dilimleri,3,TRUE)","v":8925},{"$f":"O5","v":8925},{"$f":"DATA!D21","v":{"v":4211.325,"d":"4211"}},{"$f":"O5-Q5","v":{"v":4713.675,"d":"4713.68"}},{"$f":"(E5-Asgari_Ücret_H1)*DATA!$B$7","v":{"v":280.6023,"d":"281"}},{"$f":"IF(B5=\"E\",IF(F5>SGK_tv_H1,SGK_tv_H1*0.03,F5*0.03),0)","v":0},{"$f":"E5-I5-R5-S5-T5","v":{"v":54505.7227,"d":"54,505.72 ₺"}}]
["ŞUBAT","H",{"$f":"C5","v":70000},null,{"$f":"C6+D6","v":70000},{"$f":"E6+H5","v":70000},{"v":0,"d":"0 ₺"},{"v":0,"d":"0 ₺"},{"$f":"IF(F6>(SGK_tv_H1),SGK_tv_H1*SGK,F6*SGK)+IF(F6>SGK_tv_H1,SGK_tv_H1*Issizlik,F6*Issizlik)","v":{"v":10500.000000000002,"d":"10,500 ₺"}},null,{"$f":"IF((IF(J6>E6*0.15,E6*0.15,J6))>(Asgari_Ücret_H1*12),(Asgari_Ücret_H1*12),(IF(J6>E6*0.15,E6*0.15,J6)))","v":0},{"$f":"E6-I6-K6","v":59500},{"$f":"M5+L6","v":119000},0.15,{"$f":"VLOOKUP(M6,GV_Dilimleri,4,TRUE)+(M6-VLOOKUP(M6,GV_Dilimleri,1,TRUE))*VLOOKUP(M6,GV_Dilimleri,3,TRUE)-P5","v":8925},{"$f":"P5+O6","v":17850},{"$f":"DATA!D22","v":{"v":4211.325,"d":"4211"}},{"$f":"O6-Q6","v":{"v":4713.675,"d":"4713.68"}},{"$f":"(E6-Asgari_Ücret_H1)*DATA!$B$7","v":{"v":280.6023,"d":"281"}},0,{"$f":"E6-I6-R6-S6-T6","v":{"v":54505.7227,"d":"54,505.72 ₺"}}]
["MART","H",{"$f":"C6","v":70000},null,{"$f":"C7+D7","v":70000},{"$f":"E7+H6","v":70000},{"v":0,"d":"0 ₺"},{"v":0,"d":"0 ₺"},{"v":10500.000000000002,"d":"10,500 ₺"},null,0,59500,{"$f":"M6+L7","v":178500},0.15,{"$f":"VLOOKUP(M7,GV_Dilimleri,4,TRUE)+(M7-VLOOKUP(M7,GV_Dilimleri,1,TRUE))*VLOOKUP(M7,GV_Dilimleri,3,TRUE)-P6","v":8925},{"$f":"P6+O7","v":26775},{"$f":"DATA!D23","v":{"v":4211.325000000001,"d":"4211"}},{"$f":"O7-Q7","v":{"v":4713.674999999999,"d":"4713.68"}},{"$f":"(E7-Asgari_Ücret_H1)*DATA!$B$7","v":{"v":280.6023,"d":"281"}},0,{"v":54505.7227,"d":"54,505.72 ₺"}]
["NİSAN","H",70000,null,70000,70000,{"v":0,"d":"0 ₺"},{"v":0,"d":"0 ₺"},{"v":10500.000000000002,"d":"10,500 ₺"},null,0,59500,238000,{"v":0.2,"d":"0.20"},11325,38100,{"$f":"DATA!D24","v":{"v":4211.324999999999,"d":"4211"}},{"v":7113.675000000001,"d":"7113.68"},{"$f":"(E8-Asgari_Ücret_H1)*DATA!$B$7","v":{"v":280.6023,"d":"281"}},0,{"v":52105.7227,"d":"52,105.72 ₺"}]
["MAYIS","H",70000,null,70000,70000,{"v":0,"d":"0 ₺"},{"v":0,"d":"0 ₺"},{"v":10500.000000000002,"d":"10,500 ₺"},null,0,59500,297500,{"$f":"VLOOKUP(M9,GV_Dilimleri,3,TRUE)","v":{"v":0.2,"d":"0.20"}},11900,50000,{"$f":"DATA!D25","v":{"v":4211.325000000001,"d":"4211"}},{"v":7688.674999999999,"d":"7688.68"},{"$f":"(E9-Asgari_Ücret_H1)*DATA!$B$7","v":{"v":280.6023,"d":"281"}},0,{"v":51530.7227,"d":"51,530.72 ₺"},"İlk Yarı Ort"]
["HAZİRAN","H",70000,null,70000,70000,{"v":0,"d":"0 ₺"},{"v":0,"d":"0 ₺"},{"v":10500.000000000002,"d":"10,500 ₺"},null,0,59500,357000,{"$f":"VLOOKUP(M10,GV_Dilimleri,3,TRUE)","v":{"v":0.2,"d":"0.20"}},11900,61900,{"$f":"DATA!D26","v":{"v":4211.325000000001,"d":"4211"}},{"v":7688.674999999999,"d":"7688.68"},{"$f":"(E10-Asgari_Ücret_H1)*DATA!$B$7","v":{"v":280.6023,"d":"281"}},0,{"v":51530.7227,"d":"51,530.72 ₺"},{"$f":"AVERAGE(U5:U10)","v":{"v":53114.05603333333,"d":"53,114.06 ₺"}}]
["TEMMUZ","H",{"$f":"C10","v":70000},null,70000,70000,{"$f":"IF((E11>SGK_tv_H2),(E11-SGK_tv_H2),0)","v":{"v":0,"d":"0 ₺"}},{"$f":"IF((G10+E11)>SGK_tv_H2,G10+E11-SGK_tv_H2,0)","v":{"v":0,"d":"0 ₺"}},{"$f":"IF(F11>(SGK_tv_H2),SGK_tv_H2*SGK,F11*SGK)+IF(F11>SGK_tv_H2,SGK_tv_H2*Issizlik,F11*Issizlik)","v":{"v":10500.000000000002,"d":"10,500 ₺"}},null,{"$f":"IF((IF(J11>E11*0.15,E11*0.15,J11))>(Asgari_Ücret_H2*12),(Asgari_Ücret_H2*12),(IF(J11>E11*0.15,E11*0.15,J11)))","v":0},59500,416500,0.27,13055,74955,{"$f":"DATA!D27","v":{"v":4537.75,"d":"4538"}},8517.25,{"$f":"(E11-Asgari_Ücret_H2)*DATA!$B$7","v":{"v":280.6023,"d":"281"}},{"$f":"IF(B11=\"E\",IF(F11>SGK_tv_H2,SGK_tv_H2*0.03,F11*0.03),0)","v":0},{"v":50702.1477,"d":"50,702.15 ₺"}]
["AĞUSTOS","H",{"$f":"C11","v":70000},null,70000,70000,{"v":0,"d":"0 ₺"},{"v":0,"d":"0 ₺"},{"v":10500.000000000002,"d":"10,500 ₺"},null,0,59500,476000,0.27,16065,91020,{"$f":"DATA!D28","v":{"v":5615.100000000002,"d":"5615"}},{"v":10449.899999999998,"d":"10449.90"},{"$f":"(E12-Asgari_Ücret_H2)*DATA!$B$7","v":{"v":280.6023,"d":"281"}},0,{"v":48769.49770000001,"d":"48,769.50 ₺"}]
["EYLÜL","H",{"$f":"C12","v":70000},null,70000,70000,{"v":0,"d":"0 ₺"},{"v":0,"d":"0 ₺"},{"v":10500.000000000002,"d":"10,500 ₺"},null,0,59500,535500,0.27,16065,107085,{"$f":"DATA!D29","v":{"v":5615.0999999999985,"d":"5615"}},{"v":10449.900000000001,"d":"10449.90"},{"$f":"(E13-Asgari_Ücret_H2)*DATA!$B$7","v":{"v":280.6023,"d":"281"}},0,{"v":48769.4977,"d":"48,769.50 ₺"}]
["EKİM","H",70000,null,70000,70000,{"v":0,"d":"0 ₺"},{"v":0,"d":"0 ₺"},{"v":10500.000000000002,"d":"10,500 ₺"},null,0,59500,595000,0.27,16065,{"$f":"P13+O14","v":123150},{"$f":"DATA!D30","v":{"v":5615.0999999999985,"d":"5615"}},{"v":10449.900000000001,"d":"10449.90"},{"$f":"(E14-Asgari_Ücret_H2)*DATA!$B$7","v":{"v":280.6023,"d":"281"}},0,{"v":48769.4977,"d":"48,769.50 ₺"}]
["KASIM","H",70000,null,70000,70000,{"v":0,"d":"0 ₺"},{"v":0,"d":"0 ₺"},{"v":10500.000000000002,"d":"10,500 ₺"},null,0,59500,654500,0.27,16065,139215,{"$f":"DATA!D31","v":{"v":5615.100000000006,"d":"5615"}},{"v":10449.899999999994,"d":"10449.90"},{"$f":"(E15-Asgari_Ücret_H2)*DATA!$B$7","v":{"v":280.6023,"d":"281"}},0,{"v":48769.49770000001,"d":"48,769.50 ₺"},"İkinci Yarı Ort"]
["ARALIK","H",70000,null,70000,70000,{"v":0,"d":"0 ₺"},{"v":0,"d":"0 ₺"},{"v":10500.000000000002,"d":"10,500 ₺"},null,0,59500,714000,0.27,16065,{"$f":"P15+O16","v":155280},{"$f":"DATA!D32","v":{"v":5615.099999999991,"d":"5615"}},{"v":10449.900000000009,"d":"10449.90"},{"$f":"(E16-Asgari_Ücret_H2)*DATA!$B$7","v":{"v":280.6023,"d":"281"}},0,{"v":48769.49769999999,"d":"48,769.50 ₺"},{"$f":"AVERAGE(U11:U16)","v":{"v":49091.60603333334,"d":"49,091.61 ₺"}}]
[null,null,{"$f":"SUM(C5:C16)","v":{"v":840000,"d":"₺840,000.00"}},{"$nulls":16},"TOPLAM",{"$f":"SUM(U5:U16)","v":{"v":613233.9724,"d":"613,233.97 ₺"}}]
[{"$nulls":19},"Aylık Ort",{"$f":"U17/12","v":{"v":51102.83103333333,"d":"51,102.83 ₺"}}]
[]
["NOTLAR",null,"* Asgari ücret için uygulanan vergi indirimleri gibi özel durumlardan dolayı yukarıdaki hesaplamalar doğru sonuç vermeyebilir. "]
[null,null,"* Bireysel sigortalar ile sağlanacak gelir vergisi matrah indirimi aylık brüt gelirlerin %15 ini geçemez."]
[null,null,"* Bireysel sigortalar ile sağlanacak gelir vergisi matrah indirimi yıllık bazda toplam yıllık brüt asgari ücreti geçemez."]
[null,null,"* Aylık brüt gelirlerin toplamı SGK Tavan ücrtinin üzerine çıkar ise, SGK Tavan ücretini geçen kısım sonraki aya devredilir. Maksimum 2 aya kadar devreder. "]

{"sheet":"DATA","index":1,"n_rows":33,"n_cols":5,"rows_kept":33,"merged":[[10,0,10,3]]}
["SGK",{"v":0.14,"d":"14%"}]
["SGK_emekli",{"v":0.075,"d":"7.5%"}]
["SGK Tavan_eski",{"v":195041.4,"d":"₺195,041.40"},"2025 için"]
["SGK Tavan_H1",{"v":297270,"d":"₺297,270.00"},"2026 ilk yarı için"]
["SGK Tavan_H2",{"v":297270,"d":"₺297,270.00"},"2026 ikinci yarı için"]
["İşsizlik",{"v":0.01,"d":"1%"}]
["Damga",{"v":0.00759,"d":"0.759%"}]
["Asgari Ücret_H1",{"v":33030,"d":"₺33,030.00"}]
["Asgari Ücret_H2",{"v":33030,"d":"₺33,030.00"}]
[]
["GV Dilimleri 2026"]
["Alt","ÜST"]
[0,190000,{"v":0.15,"d":"15%"},0]
[{"$f":"B13","v":190000},400000,{"v":0.2,"d":"20%"},28500]
[{"$f":"B14","v":400000},1500000,{"v":0.27,"d":"27%"},70500]
[{"$f":"B15","v":1500000},5300000,{"v":0.35,"d":"35%"},367500]
[{"$f":"B16","v":5300000},100000000,{"v":0.4,"d":"40%"},1697500]
[]
[]
["A.Ü. Gelir Vergisi İstisnası","Asgari Ü. Vergi\nMat. Küm.","Asgari Ü. Vergi\nDilimi","Asgari Ü.\nVergi","Agari Ü.\nÖdenen Vergi"]
["OCAK",{"$f":"Asgari_Ücret_H1*(1-(SGK+Issizlik))","v":{"v":28075.5,"d":"28076"}},{"$f":"VLOOKUP(B21,GV_Dilimleri,3,TRUE)","v":0.15},{"$f":"VLOOKUP(B21,GV_Dilimleri,4,TRUE)+(B21-VLOOKUP(B21,GV_Dilimleri,1,TRUE))*VLOOKUP(B21,GV_Dilimleri,3,TRUE)","v":4211.325},{"$f":"D21","v":4211.325}]
["ŞUBAT",{"$f":"Asgari_Ücret_H1*(1-(SGK+Issizlik))+B21","v":56151},0.15,{"$f":"VLOOKUP(B22,GV_Dilimleri,4,TRUE)+(B22-VLOOKUP(B22,GV_Dilimleri,1,TRUE))*VLOOKUP(B22,GV_Dilimleri,3,TRUE)-E21","v":4211.325},{"$f":"E21+D22","v":8422.65}]
["MART",{"v":84226.5,"d":"84227"},0.15,4211.325000000001,{"$f":"E22+D23","v":12633.975}]
["NİSAN",112302,0.15,4211.324999999999,16845.3]
["MAYIS",{"v":140377.5,"d":"140378"},0.15,4211.325000000001,21056.625]
["HAZİRAN",168453,0.15,4211.325000000001,25267.95]
["TEMMUZ",{"$f":"Asgari_Ücret_H2*(1-(SGK+Issizlik))+B26","v":{"v":196528.5,"d":"196529"}},{"v":0.2,"d":"0.20"},4537.75,29805.7]
["AĞUSTOS",224604,{"v":0.2,"d":"0.20"},5615.100000000002,35420.8]
["EYLÜL",{"v":252679.5,"d":"252680"},{"v":0.2,"d":"0.20"},5615.0999999999985,41035.9]
["EKİM",280755,{"v":0.2,"d":"0.20"},5615.0999999999985,46651]
["KASIM",{"v":308830.5,"d":"308831"},{"v":0.2,"d":"0.20"},5615.100000000006,52266.100000000006]
["ARALIK",336906,{"v":0.2,"d":"0.20"},5615.099999999991,57881.2]
[{"$nulls":3},{"$f":"SUM(D21:D32)","v":57881.2}]